| 000 | 00602nam a2200205 a 4500 | ||
|---|---|---|---|
| 001 | 1145 | ||
| 003 | CDMR | ||
| 005 | 20131213161553.0 | ||
| 008 | 130130s1992||||||||||||||||||||||||||||d | ||
| 040 |
_aCDMR _bcat _cCDMR |
||
| 111 | 2 |
_aConverses a la Pedrera _cBarcelona _d1991 _n1es _9403 |
|
| 245 | 1 | 4 | _aEls intelectuals i els mitjans de comunicació |
| 260 |
_aBarcelona _c1992 _bCEDIC. Generalitat de Catalunya |
||
| 300 |
_a91 p ; _c30 cm |
||
| 490 | 0 |
_aMonografies i Documents _v5 |
|
| 650 | 0 | 4 |
_94525 _aIntel·lectuals |
| 700 | 1 |
_aBerrio, Jordi _9897 |
|
| 700 | 1 |
_aSaperas, Enric _9898 |
|
| 942 |
_cMON _2udc |
||
| 999 |
_c1145 _d1145 |
||